LIBRARY & INFORMATION CENTRE, KCAET, TAVANUR

ONLINE PUBLIC ACCESS CATALOGUE (OPAC)

Select Short Stories / (Record no. 2404)

MARC details
000 -LEADER
fixed length control field 00297cam a2200121ua 4500
082 ## - DEWEY DECIMAL CLASSIFICATION NUMBER
Classification number 823.301
Item number SAK/SE
100 ## - MAIN ENTRY--AUTHOR NAME
Personal name Saksena, Sarada Prasad.
245 00 - TITLE STATEMENT
Title Select Short Stories /
250 ## - EDITION STATEMENT
Edition statement 1 /
260 ## - PUBLICATION, DISTRIBUTION, ETC. (IMPRINT)
Place of publication London :
Name of publisher George Allen & Unwin Ltd ,
Year of publication 1972.
300 ## - PHYSICAL DESCRIPTION
Number of Pages 106 ; .
942 ## - ADDED ENTRY ELEMENTS (KOHA)
Koha item type Books
Holdings
Withdrawn status Lost status Damaged status Home library Current library Date acquired Full call number Accession Number Koha item type
      KAUAET KAUAET 07/04/2012 823.301 13293 Books
Withdrawn     KAUAET Sanskrit University 07/04/2012 823.301 13307 Books
free website counter